Fr. Conceicao Rodrigues College of Engineering

Educational Law Reporter Vol.1 (Record no. 21891)

MARC details
000 -LEADER
fixed length control field 00311nam a2200145Ia 4500
100 ## - MAIN ENTRY--PERSONAL NAME
Personal name Dighe/S.D/ Patkar/N.G
245 ## - TITLE STATEMENT
Title Educational Law Reporter Vol.1
260 ## - PUBLICATION, DISTRIBUTION, ETC.
Name of publisher, distributor, etc. Akshar Prakashan
Place of publication, distribution, etc. London
Date of publication, distribution, etc. 1965
300 ## - PHYSICAL DESCRIPTION
Extent 182
490 ## - SERIES STATEMENT
Volume/sequential designation 1
546 ## - LANGUAGE NOTE
Language note ENGLISH
650 ## - SUBJECT ADDED ENTRY--TOPICAL TERM
Topical term or geographic name entry element General
942 ## - ADDED ENTRY ELEMENTS (KOHA)
Koha item type BOOK
Holdings
Withdrawn status Lost status Damaged status Not for loan Collection Home library Current library Date acquired Total Checkouts Full call number Barcode Date last seen Price effective from Koha item type
        ITI Fr. Agnel's C.Rodrigues College of Engineering Fr. Agnel's C.Rodrigues College of Engineering 17/03/2023   ITI398 17/03/2023 17/03/2023 BOOK